[Event "26.ChessOrg Schachfestival"]
[Site "Bad Woerishofen"]
[Date "2010.03.12"]
[Round "7.24"]
[White "Schweizer, Manfred"]
[Black "Rahls, Peter"]
[Result "0-1"]
[WhiteElo "2130"]
[BlackElo "2255"]
[PlyCount "64"]
[EventDate "2010.??.??"]

1. Nf3 c5 2. g3 g6 3. Bg2 Bg7 4. c4 Nc6 5. Nc3 e5 6. d3 d6 7. O-O Nge7 8. Bd2
h5 9. Rb1 Nf5 10. Nd5 Nfd4 11. Nxd4 Nxd4 12. e3 Ne6 13. f4 f5 14. Bc3 O-O 15.
b4 Rb8 16. b5 b6 17. a4 Nc7 18. Nxc7 Qxc7 19. Bd5+ Kh7 20. Qd2 Re8 21. Rfe1 Bb7
22. Qg2 e4 23. Bxg7 Qxg7 24. dxe4 Rxe4 25. Bxe4 Bxe4 26. Qd2 Bxb1 27. Rxb1 Re8
28. Kf2 Re4 29. Rc1 Qe7 30. Rc3 Qe6 31. Rd3 Rxc4 32. Rxd6 Qe4 0-1

[Event "26.ChessOrg Schachfestival"]
[Site "Bad Woerishofen"]
[Date "2010.03.12"]
[Round "7.5"]
[White "Teske, Henrik"]
[Black "Farago, Ivan"]
[Result "1-0"]
[WhiteElo "2553"]
[BlackElo "2476"]
[PlyCount "71"]
[EventDate "2010.??.??"]

1. Nf3 Nf6 2. c4 c5 3. Nc3 Nc6 4. e3 e6 5. d4 d5 6. a3 cxd4 7. exd4 Be7 8. Be3
O-O 9. Rc1 Ne4 10. c5 Bf6 11. b4 e5 12. dxe5 Nxc3 13. Rxc3 Nxe5 14. Nxe5 Bxe5
15. Bd4 Re8 16. Re3 Bf4 17. Rxe8+ Qxe8+ 18. Be2 Bg4 19. f3 Bd7 20. Kf2 a5 21.
Re1 axb4 22. Bd3 Qc8 23. axb4 h5 24. Be5 Bxe5 25. Rxe5 Be6 26. Qe2 d4 27. Qe4
Ra2+ 28. Kg3 Qc7 29. Qh7+ Kf8 30. Qh8+ Ke7 31. Qxg7 Ra8 32. Qg5+ Kd7 33. Bb5+
Kc8 34. Qg8+ Qd8 35. Qxd8+ Kxd8 36. Re4 1-0

[Event "26.ChessOrg Schachfestival"]
[Site "Bad Woerishofen"]
[Date "2010.03.12"]
[Round "7.51"]
[White "Valet, Richard"]
[Black "Tourkolias, Dimitris"]
[Result "1-0"]
[WhiteElo "2074"]
[BlackElo "1794"]
[PlyCount "55"]
[EventDate "2010.??.??"]

1. e4 e5 2. Nf3 Nf6 3. Nxe5 d6 4. Nf3 Nxe4 5. d4 d5 6. Bd3 Be7 7. O-O Nc6 8.
Re1 Bg4 9. c3 f5 10. Nbd2 Qd6 11. Qa4 O-O 12. Ne5 Bh5 13. f3 Ng5 14. Qc2 Nxe5
15. dxe5 Nh3+ 16. gxh3 Qg6+ 17. Kh1 Bc5 18. Qd1 Rae8 19. Qe2 Re6 20. Qg2 Qe8
21. f4 c6 22. Nf3 Bxf3 23. Qxf3 g5 24. Be3 Bxe3 25. Rxe3 gxf4 26. Qxf4 Rg6 27.
Rg3 Qe6 28. Rag1 1-0

[Event "26.ChessOrg Schachfestival"]
[Site "Bad Woerishofen"]
[Date "2010.03.12"]
[Round "7.19"]
[White "Vandrey, Wolfgang"]
[Black "Partenheimer, Axel"]
[Result "1-0"]
[WhiteElo "2295"]
[BlackElo "2184"]
[PlyCount "68"]
[EventDate "2010.??.??"]

1. d4 Nf6 2. Nf3 g6 3. g3 Bg7 4. Bg2 O-O 5. O-O d6 6. b3 Nbd7 7. Bb2 e5 8. dxe5
Ng4 9. Qd2 Ngxe5 10. Nxe5 dxe5 11. Rd1 c6 12. Na3 Qc7 13. Nc4 Nb6 14. Qa5 Re8
15. e4 f6 16. Bc1 Be6 17. Bf1 Re7 18. Nxb6 Qxb6 19. Qxb6 axb6 20. a4 Rc7 21.
Be3 c5 22. Rd6 Rc6 23. Rad1 Bf8 24. Rxe6 Rxe6 25. Bc4 Rae8 26. Rd7 b5 27. axb5
b6 28. Kf1 Kh8 29. Bxe6 Rxe6 30. Ke2 Kg8 31. Kd3 f5 32. f3 h5 33. Bg5 Re8 34.
Kc4 Rc8 1-0

[Event "26.ChessOrg Schachfestival"]
[Site "Bad Woerishofen"]
[Date "2010.03.12"]
[Round "7.34"]
[White "Woerl, Richard"]
[Black "Reitz, Rolf"]
[Result "1/2-1/2"]
[WhiteElo "2026"]
[BlackElo "2161"]
[PlyCount "80"]
[EventDate "2010.??.??"]

1. e4 d6 2. d4 g6 3. Bd3 Bg7 4. c3 Nd7 5. f4 e6 6. Nf3 Ne7 7. O-O b6 8. Be3 Bb7
9. Nbd2 O-O 10. Qe1 d5 11. e5 a5 12. g4 Ba6 13. Bxa6 Rxa6 14. Qh4 Nc8 15. Qh3
Ne7 16. Nh4 f5 17. exf6 Rxf6 18. f5 exf5 19. gxf5 b5 20. Bg5 Rf7 21. Rae1 Bf6
22. fxg6 Nxg6 23. Bxf6 Raxf6 24. Nf5 Kh8 25. Rf3 Ndf8 26. Nh6 Rg7 27. Kh1 Rxf3
28. Nxf3 Qf6 29. Qf5 Qxf5 30. Nxf5 Rf7 31. N3h4 Nxh4 32. Nxh4 Rf2 33. Rb1 Ng6
34. Kg1 Rc2 35. Ng2 Kg7 36. Ne1 Re2 37. Nd3 Rd2 38. Nc5 Kf7 39. Nb3 Rc2 40.
Nxa5 Kg7 1/2-1/2

[Event "26.ChessOrg Schachfestival"]
[Site "Bad Woerishofen"]
[Date "2010.03.12"]
[Round "7.61"]
[White "de Francesco, Klaus"]
[Black "Engl, Heinz"]
[Result "1-0"]
[WhiteElo "2283"]
[BlackElo "2075"]
[PlyCount "69"]
[EventDate "2010.??.??"]

1. d4 d5 2. c4 e6 3. Nf3 c5 4. e3 Nc6 5. cxd5 exd5 6. Bb5 Nf6 7. O-O Bd6 8.
Bxc6+ bxc6 9. dxc5 Bxc5 10. Qc2 Qd6 11. b3 O-O 12. Bb2 Bb6 13. Nbd2 Re8 14.
Rfd1 Bg4 15. Nc4 Qe6 16. Nce5 Bxf3 17. Nxf3 Ne4 18. Nd4 Bxd4 19. Bxd4 a5 20. f3
Nf6 21. Rac1 Rec8 22. Qc3 Ne8 23. Qd2 a4 24. b4 Nd6 25. Rc5 Nc4 26. Qc3 a3 27.
e4 Nb2 28. Re1 Na4 29. exd5 Qxd5 30. Rxd5 Nxc3 31. Rg5 f6 32. Bxf6 Nxa2 33.
Rxg7+ Kf8 34. Ree7 Nxb4 35. Rxh7 1-0

[Event "26.ChessOrg Schachfestival"]
[Site "Bad Woerishofen"]
[Date "2010.03.13"]
[Round "8.29"]
[White "Anzinger, Andreas"]
[Black "Pfretzschner, Roland"]
[Result "0-1"]
[WhiteElo "2072"]
[BlackElo "2226"]
[PlyCount "56"]
[EventDate "2010.??.??"]

1. e4 c5 2. Nf3 e6 3. d4 cxd4 4. Nxd4 a6 5. Bd3 Bc5 6. c3 d6 7. Be3 Nf6 8. O-O
O-O 9. Nc2 Nbd7 10. f4 Qc7 11. Kh1 b5 12. Nd2 Bxe3 13. Nxe3 Nc5 14. Qc2 Bb7 15.
Rae1 Rad8 16. f5 e5 17. Nd5 Nxd5 18. exd5 f6 19. c4 Nxd3 20. Qxd3 bxc4 21. Nxc4
Rc8 22. b3 Qc5 23. Rd1 Rfd8 24. Rd2 a5 25. Rfd1 Qa7 26. Qe3 Rc5 27. Rc2 Ba6 28.
Nxd6 Rxd5 0-1

[Event "26.ChessOrg Schachfestival"]
[Site "Bad Woerishofen"]
[Date "2010.03.13"]
[Round "8.10"]
[White "Arnaudov, Petar"]
[Black "Huhndorf, Arnold"]
[Result "0-1"]
[WhiteElo "2404"]
[BlackElo "2264"]
[PlyCount "56"]
[EventDate "2010.??.??"]

1. d4 Nf6 2. c4 c5 3. d5 e6 4. Nc3 exd5 5. cxd5 d6 6. Nf3 g6 7. Qa4+ Nbd7 8.
Bf4 a6 9. e4 Rb8 10. Bd3 b5 11. Qc2 Nh5 12. Bg5 Qc7 13. b3 Bg7 14. Rc1 O-O 15.
O-O Ne5 16. Nxe5 Bxe5 17. Qd2 Ng7 18. f4 Bd4+ 19. Kh1 f5 20. Ne2 Bf6 21. Bxf6
Rxf6 22. Qb2 Rf7 23. e5 Bb7 24. b4 Bxd5 25. exd6 Qxd6 26. Rfd1 c4 27. Nc3 cxd3
28. Rxd3 Bxg2+ 0-1

[Event "26.ChessOrg Schachfestival"]
[Site "Bad Woerishofen"]
[Date "2010.03.13"]
[Round "8.23"]
[White "Buecker, Stefan"]
[Black "Ballon, Guenther Jan"]
[Result "0-1"]
[WhiteElo "2355"]
[BlackElo "2165"]
[PlyCount "58"]
[EventDate "2010.??.??"]

1. e4 c5 2. b4 cxb4 3. a3 e6 4. axb4 Bxb4 5. Bb2 Nf6 6. e5 Nd5 7. c4 Nb6 8. Ra3
Nc6 9. Qg4 g6 10. Rh3 Na4 11. Ba1 Qa5 12. Qd1 O-O 13. f4 d5 14. Nf3 Be7 15. Be2
dxc4 16. O-O b5 17. Qe1 b4 18. Kh1 Nb6 19. Bb2 Qa2 20. Bd4 Nxd4 21. Nxd4 Bb7
22. f5 Qb2 23. Nc3 exf5 24. Nxf5 Bg5 25. Ne3 bxc3 26. dxc3 Rae8 27. Ng4 f5 28.
Nh6+ Bxh6 29. Rxh6 Rxe5 0-1

[Event "26.ChessOrg Schachfestival"]
[Site "Bad Woerishofen"]
[Date "2010.03.13"]
[Round "8.22"]
[White "Daeubler, Heinrich"]
[Black "Pierecker, Markus"]
[Result "1/2-1/2"]
[WhiteElo "2130"]
[BlackElo "2258"]
[PlyCount "84"]
[EventDate "2010.??.??"]

1. d4 Nf6 2. c4 g6 3. Nc3 Bg7 4. e4 d6 5. Be2 O-O 6. Nf3 Bg4 7. Be3 Nfd7 8. Qd2
c5 9. Ng1 Bxe2 10. Ngxe2 a6 11. O-O Nc6 12. Rfd1 cxd4 13. Nxd4 Rc8 14. b3 Qa5
15. Rac1 Rfe8 16. Nxc6 bxc6 17. Na4 Qxd2 18. Bxd2 c5 19. Bc3 Ne5 20. Bxe5 Bxe5
21. g3 g5 22. Kg2 Bd4 23. Rd3 Kg7 24. f4 h6 25. Kf3 Rb8 26. Rc2 f6 27. Nc3 Kf7
28. Ne2 e5 29. f5 h5 30. h3 Rg8 31. Kg2 Rb7 32. Nc3 Rgb8 33. Kf1 Bxc3 34. Rcxc3
Ke7 35. Ke2 Kd7 36. Kd2 Kc7 37. Kc2 Rb4 38. a3 R4b6 39. Rd5 a5 40. a4 Rb4 41.
Rcd3 R8b6 42. Rc3 Rb8 1/2-1/2

[Event "26.ChessOrg Schachfestival"]
[Site "Bad Woerishofen"]
[Date "2010.03.13"]
[Round "8.31"]
[White "Grafe, Wilhelm"]
[Black "Schmitzer, Peter"]
[Result "1/2-1/2"]
[WhiteElo "2193"]
[BlackElo "2069"]
[PlyCount "49"]
[EventDate "2010.??.??"]

1. Nf3 d5 2. d4 Nf6 3. g3 Bg4 4. Bg2 e6 5. O-O Bd6 6. c4 c6 7. b3 Qe7 8. Bb2
O-O 9. a3 Nbd7 10. h3 Bh5 11. Nbd2 Ne4 12. g4 Bg6 13. Ne5 Nxe5 14. dxe5 Bc5 15.
Nxe4 dxe4 16. e3 Rad8 17. Qc2 Rd3 18. b4 Bb6 19. c5 Bc7 20. Qc4 Qh4 21. Bxe4
Qxh3 22. Bxd3 Bxd3 23. Qxd3 Qxg4+ 24. Kh2 Qh4+ 25. Kg2 1/2-1/2

[Event "26.ChessOrg Schachfestival"]
[Site "Bad Woerishofen"]
[Date "2010.03.13"]
[Round "8.49"]
[White "Grundner, Alois"]
[Black "Makryniotis, Konstantinos"]
[Result "1/2-1/2"]
[WhiteElo "2006"]
[BlackElo "1912"]
[PlyCount "66"]
[EventDate "2010.??.??"]

1. d4 e6 2. c4 f5 3. Nf3 Nf6 4. g3 d5 5. Bg2 c6 6. O-O Bd6 7. Nc3 O-O 8. Ne5
Nbd7 9. Nxd7 Bxd7 10. f3 dxc4 11. e4 Be7 12. Be3 Be8 13. Qe2 b5 14. Rad1 Qc8
15. exf5 exf5 16. Bg5 Bd6 17. d5 Nxd5 18. Nxd5 cxd5 19. Rxd5 Bc5+ 20. Kh1 Bf7
21. Re5 a6 22. Bh3 Bg6 23. Qd2 Qc6 24. Bg2 Rac8 25. f4 Qc7 26. Rfe1 Be8 27.
Qd5+ Bf7 28. Qb7 h6 29. Be7 Bd6 30. Qxc7 Bxc7 31. Rxf5 Rfe8 32. Rxf7 Kxf7 33.
Bd5+ Kg6 1/2-1/2

[Event "26.ChessOrg Schachfestival"]
[Site "Bad Woerishofen"]
[Date "2010.03.13"]
[Round "8.68"]
[White "Haering, Walter-Georg"]
[Black "Auterhoff, Juergen"]
[Result "0-1"]
[WhiteElo "1720"]
[BlackElo "1879"]
[PlyCount "38"]
[EventDate "2010.??.??"]

1. Nf3 Nf6 2. d4 d5 3. Bf4 e6 4. a3 c5 5. e3 Nc6 6. c4 cxd4 7. Nxd4 Qa5+ 8. Nc3
Ne4 9. Rc1 Nxc3 10. Rxc3 Bxa3 11. Nxc6 bxc6 12. Qc2 Bb4 13. cxd5 Bxc3+ 14. bxc3
cxd5 15. Qb2 O-O 16. Bd6 Re8 17. Bb5 Rd8 18. Be7 Rb8 19. O-O Rd7 0-1

[Event "26.ChessOrg Schachfestival"]
[Site "Bad Woerishofen"]
[Date "2010.03.13"]
[Round "8.12"]
[White "Hammes, Michael"]
[Black "Schaefer, Michael"]
[Result "1-0"]
[WhiteElo "2375"]
[BlackElo "2193"]
[PlyCount "57"]
[EventDate "2010.??.??"]

1. d4 d5 2. c4 e6 3. Nc3 Be7 4. Nf3 Nf6 5. Bg5 h6 6. Bh4 O-O 7. e3 Ne4 8. Bxe7
Qxe7 9. Rc1 c6 10. Bd3 Nxc3 11. Rxc3 dxc4 12. Bxc4 Nd7 13. O-O e5 14. dxe5 Nxe5
15. Nxe5 Qxe5 16. f4 Qe4 17. Kh1 Bf5 18. Bd3 Qe6 19. e4 Bxe4 20. f5 Qd5 21.
Bxe4 Qxe4 22. f6 Rfd8 23. Qc1 Rd5 24. Rg3 g5 25. Re3 Qg6 26. Qe1 Rf5 27. Re8+
Rxe8 28. Qxe8+ Kh7 29. Rxf5 1-0

[Event "26.ChessOrg Schachfestival"]
[Site "Bad Woerishofen"]
[Date "2010.03.13"]
[Round "8.17"]
[White "Kozlov, Alexander"]
[Black "De Santis, Alessio"]
[Result "1/2-1/2"]
[WhiteElo "2163"]
[BlackElo "2305"]
[PlyCount "47"]
[EventDate "2010.??.??"]

1. d4 d6 2. e4 Nf6 3. Bd3 c6 4. h3 Nbd7 5. Nf3 e5 6. c3 Be7 7. a4 O-O 8. O-O
Qc7 9. Re1 a5 10. Nbd2 Re8 11. Nf1 Bf8 12. Ng3 g6 13. Bg5 h6 14. Be3 Bg7 15.
Qd2 Kh7 16. dxe5 dxe5 17. Bc4 Nf8 18. Bc5 Rd8 19. Qe3 N6d7 20. Be7 Re8 21. Ba3
Nb6 22. Bb3 Be6 23. Bxe6 Nxe6 24. b3 1/2-1/2

[Event "26.ChessOrg Schachfestival"]
[Site "Bad Woerishofen"]
[Date "2010.03.13"]
[Round "8.84"]
[White "Lang, Thomas"]
[Black "Gajewski, Richard"]
[Result "0-1"]
[WhiteElo "1843"]
[BlackElo "1664"]
[PlyCount "28"]
[EventDate "2010.??.??"]

1. e4 c5 2. Nf3 Nf6 3. Nc3 e6 4. Be2 Nc6 5. O-O a6 6. d3 Bd6 7. h3 h6 8. Be3 b5
9. a3 Bb7 10. Qd2 Qc7 11. Ne1 Be5 12. Nf3 Bd4 13. Nxd4 cxd4 14. Bf4 dxc3 0-1

[Event "26.ChessOrg Schachfestival"]
[Site "Bad Woerishofen"]
[Date "2010.03.13"]
[Round "8.25"]
[White "Loew, Gerald"]
[Black "Kuempers, Ulrich"]
[Result "1-0"]
[WhiteElo "2282"]
[BlackElo "2123"]
[PlyCount "75"]
[EventDate "2010.??.??"]

1. c4 Nf6 2. g3 g6 3. Bg2 Bg7 4. Nc3 d6 5. e4 e5 6. Nge2 O-O 7. O-O Be6 8. d3
Nc6 9. f4 Qd7 10. Kh1 Kh8 11. Be3 Ng4 12. Bg1 f5 13. exf5 gxf5 14. Rc1 Nd4 15.
h3 Nh6 16. Qd2 c6 17. b4 Nf7 18. Rb1 Nxe2 19. Nxe2 d5 20. Qc2 e4 21. Rfd1 Nd6
22. dxe4 fxe4 23. cxd5 Bxd5 24. Nc3 Nf5 25. Kh2 Nxg3 26. Kxg3 Rxf4 27. Kh2 Be5
28. Kh1 e3 29. Nxd5 Rh4 30. Nf4 Qg7 31. Bxe3 Qg3 32. Qf2 Bxf4 33. Qxg3 Bxg3 34.
Rd7 Re8 35. Bg5 Rc4 36. Bf6+ Kg8 37. Rg7+ Kf8 38. Rxg3 1-0

[Event "26.ChessOrg Schachfestival"]
[Site "Bad Woerishofen"]
[Date "2010.03.13"]
[Round "8.8"]
[White "Lupor, Stefan"]
[Black "Mainka, Romuald"]
[Result "1/2-1/2"]
[WhiteElo "2262"]
[BlackElo "2510"]
[PlyCount "85"]
[EventDate "2010.??.??"]

1. d4 Nf6 2. c4 e6 3. Nc3 Bb4 4. Qc2 d6 5. a3 Bxc3+ 6. Qxc3 O-O 7. Bg5 Qe7 8.
f3 Re8 9. Rd1 e5 10. dxe5 dxe5 11. e4 Nc6 12. Be3 Be6 13. Bd3 Nd4 14. Bxd4 exd4
15. Qxd4 Rad8 16. Qe3 Nd7 17. Ne2 Qh4+ 18. Qf2 Qxf2+ 19. Kxf2 Ne5 20. Nc1 Nxc4
21. Bxc4 Bxc4 22. Ne2 Bb3 23. Rxd8 Rxd8 24. Rc1 c6 25. Rc3 Be6 26. Ke3 Rd1 27.
Rd3 Rxd3+ 28. Kxd3 Kf8 29. Kd4 Ke7 30. b4 g5 31. g3 b6 32. Nc3 f6 33. f4 h6 34.
e5 gxf4 35. gxf4 Kf7 36. Ne4 f5 37. Ng3 Ke7 38. Ne2 Kd7 39. Nc3 Bb3 40. Ne2 Be6
41. Nc3 Bb3 42. Ne2 Be6 43. Nc3 1/2-1/2

[Event "26.ChessOrg Schachfestival"]
[Site "Bad Woerishofen"]
[Date "2010.03.13"]
[Round "8.5"]
[White "Luther, Thomas"]
[Black "Pirrot, Dieter"]
[Result "1-0"]
[WhiteElo "2559"]
[BlackElo "2414"]
[PlyCount "61"]
[EventDate "2010.??.??"]

1. e4 e5 2. Nf3 Nc6 3. Bc4 Nf6 4. Ng5 d5 5. exd5 Na5 6. Bb5+ c6 7. dxc6 bxc6 8.
Be2 h6 9. Nh3 g5 10. d3 Qd5 11. Ng1 g4 12. Kf1 c5 13. Nc3 Qc6 14. Nf3 Bb7 15.
Nh4 Rg8 16. h3 h5 17. hxg4 hxg4 18. Ne4 Nxe4 19. dxe4 Qxe4 20. Bd3 Qc6 21. Qe1
O-O-O 22. Qxa5 Be7 23. Be3 Kb8 24. Ke2 a6 25. Nf5 c4 26. Nxe7 cxd3+ 27. cxd3
Qxg2 28. Nxg8 Qf3+ 29. Kd2 Rd5 30. Qb4 Rb5 31. Qd6+ 1-0

[Event "26.ChessOrg Schachfestival"]
[Site "Bad Woerishofen"]
[Date "2010.03.13"]
[Round "8.51"]
[White "Meul, Willi"]
[Black "Walter, Mario"]
[Result "1/2-1/2"]
[WhiteElo "1891"]
[BlackElo "2006"]
[PlyCount "41"]
[EventDate "2010.??.??"]

1. d4 e6 2. Nf3 f5 3. c4 Nf6 4. Nc3 Bb4 5. Bd2 b6 6. g3 Bb7 7. Bg2 O-O 8. O-O
d6 9. a3 Bxc3 10. Bxc3 Ne4 11. Qc2 Nxc3 12. Qxc3 Nd7 13. Nd2 Bxg2 14. Kxg2 Qf6
15. f4 c5 16. e3 Rac8 17. Qd3 Rfd8 18. b3 g6 19. Rad1 e5 20. fxe5 dxe5 21. d5
1/2-1/2

[Event "26.ChessOrg Schachfestival"]
[Site "Bad Woerishofen"]
[Date "2010.03.13"]
[Round "8.39"]
[White "Mueller, Wolfgang"]
[Black "Von Saldern, Ruediger"]
[Result "1-0"]
[WhiteElo "1932"]
[BlackElo "2033"]
[PlyCount "82"]
[EventDate "2010.??.??"]

1. e4 e5 2. Nf3 Nc6 3. Bb5 a6 4. Ba4 Nf6 5. O-O d6 6. Re1 Be7 7. c3 b5 8. Bc2
O-O 9. d4 Bg4 10. d5 Na5 11. h3 Bh5 12. a4 c5 13. dxc6 Nxc6 14. Bg5 b4 15. Bxf6
Bxf6 16. Bb3 Qc7 17. Bd5 Rab8 18. g4 Bg6 19. b3 bxc3 20. Nxc3 Nd4 21. Nxd4 exd4
22. Ne2 d3 23. Qxd3 Bxa1 24. Rxa1 Qb6 25. Rd1 a5 26. Nd4 Kh8 27. Bc4 h5 28. Kg2
Rfe8 29. Bd5 Rbd8 30. f4 h4 31. f5 Bh7 32. Bxf7 Re7 33. Bd5 Rde8 34. Nf3 Qb4
35. Nxh4 Rxe4 36. Bxe4 Rxe4 37. Ng6+ Bxg6 38. fxg6 Re6 39. Rf1 Rf6 40. Rxf6
gxf6 41. Qd5 Qf4 1-0

[Event "26.ChessOrg Schachfestival"]
[Site "Bad Woerishofen"]
[Date "2010.03.13"]
[Round "8.26"]
[White "Reiter, Franz"]
[Black "Kunz, Konstantin"]
[Result "0-1"]
[WhiteElo "2101"]
[BlackElo "2273"]
[PlyCount "52"]
[EventDate "2010.??.??"]

1. e4 c5 2. Nc3 e6 3. g3 a6 4. Bg2 b5 5. a4 b4 6. Nce2 Bb7 7. Nh3 d5 8. exd5
Bxd5 9. Bxd5 Qxd5 10. O-O Nc6 11. Nef4 Qd7 12. Ng5 O-O-O 13. Qf3 Nh6 14. d4
cxd4 15. c3 e5 16. cxd4 exf4 17. Bxf4 Qd5 18. Qd3 Kb7 19. Rac1 Rc8 20. Ne4 f5
21. Nd2 Nf7 22. Nb3 g5 23. Rc5 Bxc5 24. Nxc5+ Ka8 25. Qxa6+ Na7 26. Re1 Rhe8
0-1

[Event "26.ChessOrg Schachfestival"]
[Site "Bad Woerishofen"]
[Date "2010.03.13"]
[Round "8.73"]
[White "Ries, Berthold"]
[Black "Heppell, Ian"]
[Result "1-0"]
[WhiteElo "2009"]
[BlackElo "2136"]
[PlyCount "101"]
[EventDate "2010.??.??"]

1. e4 e5 2. Nf3 d6 3. d4 exd4 4. Nxd4 Nf6 5. Nc3 Be7 6. Be2 O-O 7. O-O Re8 8.
Re1 Bf8 9. Bf1 Nbd7 10. Bg5 h6 11. Bh4 c6 12. Kh1 Ne5 13. f4 Ng6 14. Bg3 Bg4
15. Be2 Bxe2 16. Qxe2 Qb6 17. Nb3 Rad8 18. Qf3 d5 19. e5 Nd7 20. Re2 a5 21.
Rae1 Bb4 22. f5 Nh8 23. a4 Nf8 24. e6 Re7 25. Bh4 f6 26. Bf2 Qc7 27. Rd1 b6 28.
Red2 Nh7 29. h4 g6 30. Bd4 c5 31. Bf2 d4 32. Nb5 Qe5 33. Re2 Qxf5 34. Qxf5 gxf5
35. c3 c4 36. N3xd4 Bc5 37. Rde1 Ng6 38. Nxf5 Rxe6 39. Rxe6 Bxf2 40. Re8+ Rxe8
41. Rxe8+ Nhf8 42. Nxh6+ Kh7 43. Nf5 Bc5 44. Nbd6 Nd7 45. h5 Nge5 46. Re7+ Kg8
47. Nh6+ Kh8 48. Nhf7+ Kg8 49. Re8+ Nf8 50. Nxe5 fxe5 51. Nxc4 1-0

[Event "26.ChessOrg Schachfestival"]
[Site "Bad Woerishofen"]
[Date "2010.03.13"]
[Round "8.27"]
[White "Rogobete, Nikolas"]
[Black "Guenther, Thomas"]
[Result "1-0"]
[WhiteElo "2273"]
[BlackElo "2104"]
[PlyCount "57"]
[EventDate "2010.??.??"]

1. e4 g6 2. d4 Bg7 3. Nf3 d6 4. h3 Nd7 5. Bc4 h6 6. O-O e6 7. Be3 c6 8. Bb3
Ngf6 9. Nc3 O-O 10. Qd2 Kh7 11. Bf4 Ne8 12. e5 d5 13. Ne2 b5 14. c3 Nb6 15. Bc2
Nc4 16. Qd1 Nc7 17. b3 Nb6 18. Ng3 Rh8 19. Nh5 Kg8 20. Nxg7 Kxg7 21. Bg3 Ne8
22. Bh4 Qc7 23. Re1 c5 24. Qd2 Bb7 25. Rac1 a5 26. Re3 a4 27. dxc5 Qxc5 28. Nd4
Ba6 29. Bxg6 1-0

[Event "26.ChessOrg Schachfestival"]
[Site "Bad Woerishofen"]
[Date "2010.03.13"]
[Round "8.6"]
[White "Rozentalis, Eduardas"]
[Black "Meier, Volker"]
[Result "1-0"]
[WhiteElo "2628"]
[BlackElo "2304"]
[PlyCount "95"]
[EventDate "2010.??.??"]

1. e4 e5 2. Nf3 Nc6 3. Bb5 Nf6 4. O-O Nxe4 5. Re1 Nd6 6. Nxe5 Be7 7. Bf1 Nxe5
8. Rxe5 O-O 9. d4 Bf6 10. Re1 Nf5 11. d5 d6 12. Nd2 Nh4 13. Ne4 Bf5 14. Qh5
Bxe4 15. Rxe4 Re8 16. Rxe8+ Qxe8 17. Bd2 Qe5 18. Qxe5 Bxe5 19. c3 Re8 20. a4
Kf8 21. a5 Bf6 22. f4 Nf5 23. Bb5 Re7 24. g4 Nh4 25. Kf2 h6 26. g5 hxg5 27.
fxg5 Be5 28. Ra4 Nf5 29. Bd3 g6 30. Bxf5 gxf5 31. h4 Kg7 32. Be3 b6 33. axb6
cxb6 34. h5 Rc7 35. Kf3 a5 36. Ra3 Rc4 37. Rb3 Rh4 38. h6+ Kg6 39. Rxb6 f6 40.
gxf6 Kxf6 41. Bd4 Bxd4 42. cxd4 Rxd4 43. Rxd6+ Ke5 44. Rd8 Rd3+ 45. Kf2 Rh3 46.
Rh8 Kf6 47. d6 Rd3 48. Rg8 1-0

[Event "26.ChessOrg Schachfestival"]
[Site "Bad Woerishofen"]
[Date "2010.03.13"]
[Round "8.33"]
[White "Schatz, Christian"]
[Black "Valet, Richard"]
[Result "1/2-1/2"]
[WhiteElo "2186"]
[BlackElo "2074"]
[PlyCount "69"]
[EventDate "2010.??.??"]

1. d4 d5 2. Nf3 Nf6 3. e3 e6 4. Nbd2 Nbd7 5. Bd3 b6 6. O-O Bb7 7. Qe2 c5 8. c3
Be7 9. e4 dxe4 10. Nxe4 Nxe4 11. Bxe4 Bxe4 12. Qxe4 O-O 13. Bf4 Nf6 14. Qb7 Qd7
15. Qxd7 Nxd7 16. Rfd1 Rfd8 17. Kf1 Rac8 18. Rd2 h6 19. Rad1 Nf6 20. dxc5 Rxd2
21. Nxd2 Rxc5 22. Nb3 Rd5 23. Rxd5 Nxd5 24. Bb8 a6 25. Ke2 Kf8 26. c4 Nf6 27.
Bc7 Nd7 28. Nd4 Bf6 29. Ke3 Be5 30. Bxe5 Nxe5 31. b3 Ke7 32. h3 Kd6 33. f4 Nc6
34. Nxc6 Kxc6 35. b4 1/2-1/2

[Event "26.ChessOrg Schachfestival"]
[Site "Bad Woerishofen"]
[Date "2010.03.13"]
[Round "8.81"]
[White "Strohbusch, Frank Dr"]
[Black "Floeren, Ernst"]
[Result "1-0"]
[WhiteElo "1947"]
[BlackElo "1753"]
[PlyCount "47"]
[EventDate "2010.??.??"]

1. e4 c5 2. Nc3 e6 3. g3 a6 4. Bg2 Nc6 5. d3 b5 6. f4 Bb7 7. Nf3 d6 8. O-O Nf6
9. e5 Nd7 10. Ng5 g6 11. Nce4 d5 12. Nxf7 Kxf7 13. Ng5+ Ke7 14. Qg4 Ke8 15.
Nxe6 Qb6 16. Bxd5 Nd4 17. Bxb7 Qxb7 18. Nxd4 cxd4 19. Qe6+ Kd8 20. f5 Nc5 21.
Qf6+ Kc7 22. Qxh8 Nd7 23. Qxh7 Kb6 24. e6 1-0

[Event "26.ChessOrg Schachfestival"]
[Site "Bad Woerishofen"]
[Date "2010.03.13"]
[Round "8.18"]
[White "Szablowski, Pawel"]
[Black "Tennstedt, Andreas Dr"]
[Result "1/2-1/2"]
[WhiteElo "2298"]
[BlackElo "2199"]
[PlyCount "71"]
[EventDate "2010.??.??"]

1. e4 c6 2. d4 g6 3. Nc3 d5 4. f3 Bg7 5. Be3 dxe4 6. fxe4 e5 7. dxe5 Qxd1+ 8.
Rxd1 Nd7 9. Nf3 Nxe5 10. Nxe5 Bxe5 11. Bc4 Be6 12. Bxe6 fxe6 13. O-O Nf6 14.
Bc5 Nd7 15. Ba3 Nf6 16. Bd6 Nd7 17. Ne2 Bxd6 18. Rxd6 Ke7 19. Rfd1 Rhd8 20. Nf4
Nf8 21. e5 Rxd6 22. exd6+ Kf6 23. c4 Nd7 24. Kf2 e5 25. Ne2 Ke6 26. Nc3 b6 27.
Ke3 Rf8 28. Ne4 h6 29. b4 c5 30. bxc5 bxc5 31. Rb1 Rb8 32. Nc3 Kxd6 33. Ne4+
Ke7 34. Rxb8 Nxb8 35. Nc3 Ke6 36. Ne4 1/2-1/2

[Event "26.ChessOrg Schachfestival"]
[Site "Bad Woerishofen"]
[Date "2010.03.13"]
[Round "8.66"]
[White "Taufratshofer, Martin"]
[Black "Sauerwein, Martin"]
[Result "1-0"]
[WhiteElo "2004"]
[BlackElo "1667"]
[PlyCount "59"]
[EventDate "2010.??.??"]

1. d4 Nf6 2. Nf3 e6 3. Bf4 Nh5 4. Bg3 Nxg3 5. hxg3 c5 6. e3 Qb6 7. Qc1 d5 8. c3
Bd7 9. Nbd2 Bb5 10. Bxb5+ Qxb5 11. a4 Qb6 12. O-O Nc6 13. Re1 Bd6 14. c4 Nb4
15. Qc3 O-O 16. Rec1 Rac8 17. b3 Rc7 18. a5 Qc6 19. Ra4 Rfc8 20. dxc5 Qxc5 21.
Nd4 Be5 22. Qxb4 dxc4 23. Qxc5 Rxc5 24. Rcxc4 Kf8 25. Ne4 R5c7 26. Rxc7 Rxc7
27. Rc4 Rd7 28. f4 Bc7 29. Ng5 h6 30. Ngxe6+ 1-0

[Event "26.ChessOrg Schachfestival"]
[Site "Bad Woerishofen"]
[Date "2010.03.13"]
[Round "8.40"]
[White "Tichacek, Luis"]
[Black "Egel, Amos"]
[Result "0-1"]
[WhiteElo "1801"]
[BlackElo "1984"]
[PlyCount "75"]
[EventDate "2010.??.??"]

1. Nf3 Nf6 2. d4 c5 3. c3 e6 4. Bg5 d5 5. Nbd2 Nc6 6. e3 Be7 7. dxc5 Bxc5 8.
Bd3 Qc7 9. Bh4 b6 10. Nd4 a6 11. Bg3 Bd6 12. a4 Bb7 13. Nxc6 Qxc6 14. Bxd6 Qxd6
15. f3 O-O 16. Nc4 Qc5 17. b4 Qc7 18. Nd2 Qxc3 19. Qb1 Rac8 20. Ke2 Rc7 21. g4
d4 22. e4 e5 23. Ra2 Qc6 24. Rc2 Qd7 25. Rxc7 Qxc7 26. Rc1 Qe7 27. h4 Rc8 28.
b5 Rxc1 29. Qxc1 a5 30. Nc4 Nd7 31. g5 Qc5 32. f4 Qe7 33. fxe5 Nxe5 34. Nxb6
Nxd3 35. Kxd3 Qxe4+ 36. Kd2 Qe3+ 37. Kc2 Qc3+ 38. Kb1 0-1

[Event "26.ChessOrg Schachfestival"]
[Site "Bad Woerishofen"]
[Date "2010.03.13"]
[Round "8.28"]
[White "Waldschmidt, Georg"]
[Black "Hempel, Olaf Dr"]
[Result "1-0"]
[WhiteElo "2227"]
[BlackElo "2103"]
[PlyCount "77"]
[EventDate "2010.??.??"]

1. e4 c6 2. d4 d5 3. exd5 cxd5 4. c4 Nf6 5. Nc3 g6 6. Nf3 Bg7 7. Be2 O-O 8. O-O
dxc4 9. Bxc4 Bg4 10. Re1 Nc6 11. d5 Na5 12. Be2 Rc8 13. h3 Bxf3 14. Bxf3 Nc4
15. Qb3 Qd7 16. Bg5 Nd6 17. Rad1 Rc7 18. Bf4 Rb8 19. a4 b5 20. axb5 Nfe8 21.
Bg4 Qd8 22. Be2 Rcb7 23. Ra1 Nc7 24. Qd1 a6 25. bxa6 Rxb2 26. Ra3 Ra8 27. Qc1
Rb4 28. Bg3 Rbb8 29. Ra5 h5 30. Qa3 Nf5 31. Bf4 Rc8 32. Bxc7 Rxc7 33. Nb5 Rc2
34. Bd3 Rd2 35. Bxf5 gxf5 36. a7 Qxd5 37. Nc7 Qd4 38. Qe3 Rxa7 39. Rxa7 1-0